000 00428nam a2200157Ia 4500
008 240729s9999 xx 000 0 und d
022 _a2472-5730
245 0 _aOnline Learning
260 _aUnited States
260 _bOnline Learning Consortium
650 _a Theory and practice of education
650 _aEducation
856 _uhttps://doaj.org/toc/46d0bb260102434594fa7644422be20b
942 _2ddc
942 _cDOAJEJ
999 _c67926
_d67926
945 _a1
_bMadushi Gamage
_c1
_dMadushi Gamage